Statistics for Countries with the Most AFCON Trophies

Click here to take the quiz!

General Stats

  • This quiz has been taken 49 times
  • The average score is 13 of 15

Answer Stats

#Country% Correct
7Egypt
98%
1South Africa
98%
3Nigeria
95%
5Cameroon
90%
2Ivory Coast
90%
1Senegal
90%
4Ghana
88%
1Morocco
88%
2Algeria
86%
1Tunisia
83%
2D. R. Congo
79%
1Ethiopia
76%
1Rep. of the Congo
74%
1Sudan
74%
1Zambia
69%

Score Distribution

Percentile by Number Answered

Percent of People with Each Score

Your Score History

You have not taken this quiz